| 000 | 00574nam a2200181Ia 4500 | ||
|---|---|---|---|
| 008 | 151018s9999 xx 000 0 und d | ||
| 082 |
_bRBASDV48096 _a891.431 |
||
| 100 | _aदिनेश चमोला | ||
| 245 | _aबौगलू माटु त .... | ||
| 250 | _b1 | ||
| 260 |
_bआदिश प्रकाशन _c2008 |
||
| 300 | _a160 | ||
| 600 | _aदिनेश चमोला | ||
| 630 | _aबौगलू माटु त .... | ||
| 700 | _aदिनेश चमोला | ||
| 730 | _aबौगलू माटु त .... | ||
| 942 | _cBOOK | ||
| 999 |
_c1047226 _d1047223 |
||